Normal view
MARC view
Entry Personal Name
001 - CONTROL NUMBER
- control field: 212391
003 - CONTROL NUMBER IDENTIFIER
- control field: OSt
005 - DATE AND TIME OF LATEST TRANSACTION
- control field: 20220924141649.0
008 - FIXED-LENGTH DATA ELEMENTS
- fixed length control field: 220924|| aca||aabn | a|a d
040 ## - CATALOGING SOURCE
- Original cataloging agency: OSt
- Transcribing agency: OSt
100 ## - HEADING--PERSONAL NAME
- Personal name: Tagore Supriya
670 ## - SOURCE DATA FOUND
- Source citation: Work cat.: (OSt)447892: Tagore Supriya , Rabindra chintay manusher swarup o siksha, 1996
